Les compos de Barca 6-1 PSG (16/17) - Statistiques

Statistiques générales
  • Ce quiz a été pris 11 708 fois
  • Le résultat moyen est 18 sur 22
Statistiques - réponses
Equipe Nationalité Joueur % Correct
FC Barcelone Argentin Lionel Messi
98%
FC Barcelone Brésilien Neymar
98%
FC Barcelone Uruguayen Luis Suarez
97%
FC Barcelone Allemand Marc-André ter-Stegen
96%
PSG Uruguayen Edinson Cavani
94%
FC Barcelone Croate Ivan Rakitic
90%
PSG Italien Marco verratti
90%
FC Barcelone Espagnol Andrés Iniesta
86%
PSG Brésilien Marquinhos
86%
PSG Brésilien Thiago Silva
86%
PSG Allemand Kevin Trapp
85%
PSG Belge Thomas Meunier
84%
PSG Allemand Julian Draxler
83%
FC Barcelone Espagnol Gerard Piqué
80%
PSG Français Blaise Matuidi
76%
FC Barcelone Argentin Javier Mascherano
72%
FC Barcelone Espagnol Sergio Busquets
72%
PSG Brésilien Lucas Mourra
68%
FC Barcelone Français Samuel Umtiti
68%
PSG Français Adrien Rabiot
67%
PSG Français Layvin Kurzawa
55%
FC Barcelone Brésilien Rafinha
28%
Aucun quiz correspondant
Distribution des résultats
% des personnes avec chaque résultat
Percentile par nombre de réponses
Votre historique - résultats
Vous n’avez pas pris ce quiz